The Kid with a Bike : [The Supplements] = Le gamin au vélo : [les suppléments] /

Guardat en:
Dades bibliogràfiques
Altres autors: Dardenne, Jean-Pierre (autor) (autor), Dardenne, Luc (autor) (autor), Doret, Thomas (autor) (autor), Jones, Kent (entrevista) (entrevista), Elmore, Kate (producción) (producción), Becker, Peter (producción ejecutiva) (producción ejecutiva), Kline, Lee (realización) (realización), Bonzel, André (fotógrafo) (fotógrafo), Sadurni, Isabel (montaje) (montaje), Chavez, Gabriel (montaje) (montaje), France, Cécile de (autor) (autor), Denis, Fernand (entrevista) (entrevista), Lackmans, Antoine (fotógrafo) (fotógrafo), Lackmans, Antoine (montaje) (montaje), Groff, Philippe (dirección) (dirección), Cogné, Marie (realización) (realización), Sastre, Simon (realización) (realización), Andrew, Geoff (texto) (texto)
Format: Diapositiva
Idioma:francès
Publicat: Nueva York, EUA : Bruselas, Blgica : Pars, Francia : Criterion Collection ; Cinart ; Diaphana, c2011-2013
Col·lecció:(Criterion Collection ; 646/2)
Matèries:
Etiquetes: Afegir etiqueta
Sense etiquetes, Sigues el primer a etiquetar aquest registre!

MARC

LEADER 00000ngm^a2200000^a^4500
001 000347388
005 20251020000000.0
009 20260526141411.085
020 |a 978-1-60465-690-9 
037 |a Acervo ITESO - Biblioteca 
041 |a FRA 
082 |a 808. 8  |b CRI V. 646 T. 2 
240 1 5 |a [The Kid with a Bike] 
245 0 4 |a The Kid with a Bike :  |b [The Supplements] = Le gamin au vélo : [les suppléments] / 
264 4 |a Nueva York, EUA :  |b Criterion Collection ;  |a Bruselas, Blgica :  |b Cinart ;  |a Pars, Francia :  |b Diaphana,  |c c2011-2013 
264 2 |a Nueva York, EUA :  |b Criterion Collection [distribución],  |c 2013, c2013 
300 |a 1 DVD región 1 (73, 6, 19, 33 min.) :  |b color +  |e 1 folleto ([20] p.) 
336 |a imagen móvil bidimensional  |b tdi  |2 rdacontenido 
337 |a video  |b v  |2 rdamedio 
338 |a videodisco  |b vd  |2 rdasoporte 
440 1 |a (Criterion Collection ;  |v 646/2) 
546 |a En francés, con subtítulos opcionales: inglés 
649 |a XX 
650 |a Cineastas Belgas -  |x Entrevistas 
650 |a Actores Belgas -  |x Entrevistas 
650 |a Mujeres Belgas -  |x Entrevistas 
650 |a Niños Belgas -  |x Entrevistas 
650 |a Seraing, Bélgica en el Cine -  |x Historia y Crítica 
650 |a Cine Belga -  |x Historia y Crítica -  |x Tema Principal 
650 |a Cine Belga -  |y 2010-2019 
650 |a Cine Belga -  |y Siglo XXI 
650 |a Dardenne, Jean-Pierre -  |x Tema Principal 
650 |a Dardenne, Luc -  |x Tema Principal 
650 |a Doret, Thomas 
650 |a France, Cécile de 
740 0 |a [Interview with Jean-Pierre and Luc Dardenne] =  |b [Entretien avec Jean-Pierre and Luc Dardenne] /  |c J.P. Dardenne, L. Dardenne ; entrevistados por K. Jones ; prod. de K. Elmore ; prod. ejecutiva de P. Becker... [et al.] ; realización de Lee Kline. 
740 0 |a [Interview with Thomas Doret] =  |b [Entretien avec Thomas Doret] /  |c T. Doret ; prod. de K. Elmore ; prod. ejecutiva de P. Becker... [et al.] ; realización de Lee Kline. 
740 0 |a Cécile de France =  |b Cécile de France /  |c C. de France ; entrevistada por F. Denis. 
740 0 |a Return to Seraing =  |b Retour à Seraing /  |c Dir. de P. Groff ; realización de M. Cogné, S. Sastre. 
740 0 |a Motion and Emotion /  |c Texto de G. Andrew. 
700 |a Dardenne, Jean-Pierre  |e (autor) 
700 |a Dardenne, Luc  |e (autor) 
700 |a Doret, Thomas  |e (autor) 
700 |a Jones, Kent  |e (entrevista) 
700 |a Elmore, Kate  |e (producción) 
700 |a Becker, Peter  |e (producción ejecutiva) 
700 |a Kline, Lee  |e (realización) 
700 |a Bonzel, André  |e (fotógrafo) 
700 |a Sadurni, Isabel  |e (montaje) 
700 |a Chavez, Gabriel  |e (montaje) 
700 |a France, Cécile de  |e (autor) 
700 |a Denis, Fernand  |e (entrevista) 
700 |a Lackmans, Antoine  |e (fotógrafo) 
700 |a Lackmans, Antoine  |e (montaje) 
700 |a Groff, Philippe  |e (dirección) 
700 |a Cogné, Marie  |e (realización) 
700 |a Sastre, Simon  |e (realización) 
700 |a Andrew, Geoff  |e (texto) 
910 |a Fondo General 
920 |a Audiovisuales - DVDs 
940 |a Películas 
905 |a 308 
901 |a 0500237104  |b IT2  |c DVR  |i C142187  |u 20250521 
901 |a 0500237105  |b IT2  |c MIN  |u 20251020 
902 |a https://opac.biblio.iteso.mx/vufind/Record/000347388